000 00717nmm a2200277 a 4500
003 AR-BaBNM
005 20251128205624.0
008 011101s1997 ||||||||||||||000 | spa||
020 _a0-435-265385
040 _cAR-BaBNM
100 1 _aGarden, Frances Lemarchand
245 1 0 _aApple pie
_bstudent's book para 8vo año EGB
250 _a1ª ed.
260 _aOxford
_bHeinemann
_c1997
300 _a94 p.
_bil.
650 4 _aENSEÑANZA DE IDIOMAS
650 4 _aINGLES
650 4 _aVOCABULARIO
650 4 _aGRAMATICA
650 4 _aACTIVIDADES DE APRENDIZAJE
650 4 _aLIBROS DE TEXTO
653 _aEDUCACION GENERAL BASICA
700 1 _aFein, Kathleen Julié
942 _cBK
998 _cCARMEN
999 _c12149
_d12149